|
|
|
|
| LEADER |
00000nam0a2200000 4500 |
| 001 |
241657 |
| 005 |
20231101231831.0 |
| 020 |
|
|
|a RU
|b 90-33226
|
| 035 |
|
|
|a (RuTPU)RU\TPU\book\262934
|
| 090 |
|
|
|a 241657
|
| 100 |
|
|
|a 20130809d1990 m a0rusy5003 ca
|
| 101 |
0 |
|
|a rus
|
| 102 |
|
|
|a EE
|
| 105 |
|
|
|a y z 101zy
|
| 200 |
1 |
|
|a Автоматизация проектирования и средства поверки
|e тезисы докладов третьей секции республиканской научно-технической конференции "Теория и проектирование электронных вольтметров и средств их поверки" - ПЭВ-90, Таллин, 22-23 мая 1990 г.
|f под ред. Л. И. Волгина
|
| 210 |
|
|
|a Таллинн
|d 1990
|
| 215 |
|
|
|a 33,[1] с.
|c ил.
|
| 320 |
|
|
|a Библиогр. в конце докл.
|
| 606 |
1 |
|
|a Вольтметры электронные
|2 stltpush
|3 (RuTPU)RU\TPU\subj\3663
|9 32046
|
| 610 |
1 |
|
|a конференции
|
| 610 |
1 |
|
|a электроизмерительные приборы
|
| 610 |
1 |
|
|a автоматизация
|
| 610 |
1 |
|
|a проектирование
|
| 610 |
1 |
|
|a поверка
|
| 610 |
1 |
|
|a средства
|
| 610 |
1 |
|
|a измерительная техника
|
| 675 |
|
|
|a 621.317.7.089.6(063)
|z rus
|
| 702 |
|
1 |
|a Волгин
|b Л. И.
|4 340
|
| 712 |
1 |
2 |
|a Автоматизация проектирования и средства поверки
|c конференция
|e Таллинн
|f 1990
|
| 801 |
|
0 |
|a RU
|b RuMRKP
|c 19950417
|g psbo
|
| 801 |
|
1 |
|a RU
|b 63413507
|c 20130809
|
| 801 |
|
2 |
|a RU
|b 63413507
|c 20131122
|g RCR
|
| 942 |
|
|
|c BK
|